Thoughts from a friend : relax..reflect...renew / (Record no. 671)

MARC details
000 -LEADER
fixed length control field 00636nam a2200217 4500
003 - CONTROL NUMBER IDENTIFIER
control field OSt
005 - DATE AND TIME OF LATEST TRANSACTION
control field 20240614020013.0
008 - FIXED-LENGTH DATA ELEMENTS--GENERAL INFORMATION
fixed length control field 240614b |||||||| |||| 00| 0 eng d
040 ## - CATALOGING SOURCE
Original cataloging agency DWCL-Main lib.
Transcribing agency OC
082 ## - DEWEY DECIMAL CLASSIFICATION NUMBER
Classification number Fil. 242.2 M678t 2007
006 - FIXED-LENGTH DATA ELEMENTS--ADDITIONAL MATERIAL CHARACTERISTICS
fixed length control field a
100 ## - MAIN ENTRY--PERSONAL NAME
Personal name Mislang, Fr. Fred G.
245 ## - TITLE STATEMENT
Title Thoughts from a friend : relax..reflect...renew /
260 ## - PUBLICATION, DISTRIBUTION, ETC.
Place of publication, distribution, etc. Laguna, Phils. :
Name of publisher, distributor, etc. Fred G. Mislang,
Date of publication, distribution, etc. c2007.
300 ## - PHYSICAL DESCRIPTION
Extent iii,
Other physical details 131 p. : ill. ;
Dimensions 21 cm.
504 ## - BIBLIOGRAPHY, ETC. NOTE
Bibliography, etc. note Includes references.
650 ## - SUBJECT ADDED ENTRY--TOPICAL TERM
Topical term or geographic name entry element 1. Meditations.
650 ## - SUBJECT ADDED ENTRY--TOPICAL TERM
Topical term or geographic name entry element 2. Devotional reflections.
700 ## - ADDED ENTRY--PERSONAL NAME
Personal name Fr. Fred G Mislang
942 ## - ADDED ENTRY ELEMENTS (KOHA)
Source of classification or shelving scheme Dewey Decimal Classification
Suppress in OPAC No
Koha item type Book-Filipiniana
Call number prefix Fil.

No items available.